La grieta en el espejo (poesía)
Saved in:
| Main Author: | |
|---|---|
| Format: | Book |
| Language: | Undetermined |
| Published: |
Guanacaste, Costa Rica
Círculo y Punto Ediciones
2019
|
| Edition: | Primera edición |
| Subjects: | |
| Tags: |
Add Tag
No Tags, Be the first to tag this record!
|
MARC
| LEADER | 00000nam a2200000Ia 4500 | ||
|---|---|---|---|
| 008 | 170316s9999 xx 000 0 und d | ||
| 020 | |a 978-9930-9695-1-9 | ||
| 040 | |a cru BVZT | ||
| 090 | |a 868 A-16.1g | ||
| 100 | |a Arce Oses, Sebastián |9 1741 | ||
| 245 | |a La grieta en el espejo (poesía) |c / Sebastián Arce Oses; | ||
| 250 | |a Primera edición | ||
| 260 | |a Guanacaste, Costa Rica |b Círculo y Punto Ediciones |c 2019 | ||
| 300 | |a 102 páginas | ||
| 650 | |a LITERATURA COSTARRICENSE |9 17 | ||
| 650 | |a POESÍA |9 18 | ||
| 999 | |c 30992 |d 30992 | ||
| 942 | |c 15 D |h 868 A-16.1g |2 z | ||



